国际航线通航城市 International Flight Destinations - Statistics

General Stats
  • This quiz has been taken 43 times
  • The average score is 53 of 75
Answer Stats
通航国家 通航城市 % Correct
墨尔本
100%
悉尼
100%
布鲁塞尔
97%
迪拜
91%
维也纳
91%
柏林
91%
莫斯科
91%
温哥华
91%
圣彼得堡
89%
巴黎
89%
赫尔辛基
89%
首尔
89%
多伦多
89%
伊斯兰堡
86%
法兰克福
86%
阿姆斯特丹
86%
纽约
86%
大阪
86%
东京
86%
华沙
83%
马尼拉
83%
吉隆坡
83%
洛杉矶
83%
新加坡
83%
伦敦
83%
开罗
80%
卡拉奇
80%
哥本哈根
80%
伊斯坦布尔
80%
汉堡
77%
阿拉木图
77%
金边
77%
芝加哥
77%
斯德哥尔摩
77%
马德里
77%
罗马
77%
米兰
77%
新德里
77%
加德满都
74%
雅典
74%
奥克兰
74%
河内
74%
胡志明市
74%
阿斯塔纳
71%
曼谷
71%
特拉维夫
71%
孟买
71%
雅加达
71%
达卡
69%
里斯本
69%
西雅图
66%
乌兰巴托
66%
仰光
66%
名古屋
66%
内罗毕
60%
万象
60%
约翰内斯堡
60%
布达佩斯
60%
曼彻斯特
60%
明斯克
57%
利雅得
57%
杜尚别
57%
班加罗尔
57%
比什凯克
54%
贝尔格莱德
51%
科伦坡
51%
塔什干
51%
拉合尔
49%
新西伯利亚
43%
达沃
40%
金奈
34%
列日
23%
安克雷奇
6%
乌兰乌德
3%
萨拉戈萨
0%
No matching quizzes found
Score Distribution
Percent of People with Each Score
Percentile by Number Answered
Your Score History
You have not taken this quiz